| 000 | 01378nam a22002655i 4500 | ||
|---|---|---|---|
| 001 | 166844 | ||
| 003 | ES-MaACL | ||
| 005 | 20250720063056.0 | ||
| 008 | 050920s1872 sp | |||||||| ||spa d | ||
| 040 |
_aCAM _bspa _cCAM |
||
| 100 | 1 |
_aPerales, Juan Bautista, _d1837-1904 _eaut _9130986 |
|
| 245 | 1 | 3 |
_aLa prostitución y las casas de juego consideradas bajo el punto de vista político, legal, moral y económico, según el derecho natural de los pueblos y de los ciudadanos libres : _bfolleto dirigido a combatir los errores ... / _cescrito por Fernando de Vahillo |
| 260 |
_aMadrid : _b[s.n.], _c1872 _f(Imp. de Tomás Rey) |
||
| 300 |
_a90 páginas ; _c16 cm. |
||
| 530 | _aDisponible en formato digital | ||
| 594 | _aFernando de Vahillo es seudónimo de Juan Bautista Perales | ||
| 650 | 4 |
_aProstitución- _zMadrid- _yS.XIX _916511 |
|
| 651 | 4 |
_aMadrid- _xUsos y costumbres- _yS.XIX _98988 |
|
| 852 |
_aES-MaACL _cDEPOF _hLegado Manuel de la Fuente y Mondéjar _jFol-Laf-482 |
||
| 852 |
_aES-MaACL _fEx-libris ms. de Augusto Charro Hidalgo _hLegado Charro Hidalgo _jT-876-F-2 _xEnc. en un vol. facticio _xHolandesa, conservando cub. original |
||
| 856 |
_uhttp://bdh-rd.bne.es/viewer.vm?id=0000092151&page=1 _yVersión en línea _z(Biblioteca Digital Hispánica) |
||
| 942 |
_2udc _cFOLLETOS _n0 |
||
| 999 |
_c166844 _d166844 |
||